Historic photos of Tucson / (Record no. 804)

MARC details
000 -LEADER
fixed length control field 00841cam a2200265 a 4500
005 - DATE AND TIME OF LATEST TRANSACTION
control field 20260322212035.0
008 - FIXED-LENGTH DATA ELEMENTS--GENERAL INFORMATION
fixed length control field data
010 ## - LIBRARY OF CONGRESS CONTROL NUMBER
LC control number 2007929568
020 ## - INTERNATIONAL STANDARD BOOK NUMBER
International Standard Book Number 9781596523708
020 ## - INTERNATIONAL STANDARD BOOK NUMBER
International Standard Book Number 1596523700
040 ## - CATALOGING SOURCE
Original cataloging agency DLC
Transcribing agency DLC
Modifying agency DLC
043 ## - GEOGRAPHIC AREA CODE
Geographic area code n-us-az
050 00 - LIBRARY OF CONGRESS CALL NUMBER
Classification number F819.T943
Item number S65 2007
082 00 - DEWEY DECIMAL CLASSIFICATION NUMBER
Classification number 979.1/776040222
Edition information 22
092 ## - LOCALLY ASSIGNED DEWEY CALL NUMBER (OCLC)
Classification number 979.1 S65 2007
001 - CONTROL NUMBER
control field data
100 1# - MAIN ENTRY--PERSONAL NAME
Personal name Speelman, Mike.
245 10 - TITLE STATEMENT
Title Historic photos of Tucson /
Statement of responsibility, etc. Mike Speelman.
260 ## - PUBLICATION, DISTRIBUTION, ETC.
Place of publication, distribution, etc. Nashville, Tenn. :
Name of publisher, distributor, etc. Turner Pub. Co.,
Date of publication, distribution, etc. c2007.
300 ## - PHYSICAL DESCRIPTION
Extent x, 204 p. :
Other physical details chiefly ill. ;
Dimensions 26 cm.
650 #0 - SUBJECT ADDED ENTRY--TOPICAL TERM
Topical term or geographic name entry element Historic buildings
Geographic subdivision Tucson
-- Tucson
Form subdivision Pictorial works.
651 #0 - SUBJECT ADDED ENTRY--GEOGRAPHIC NAME
Geographic name Tucson (Ariz.)
General subdivision History
Form subdivision Pictorial works.
651 #0 - SUBJECT ADDED ENTRY--GEOGRAPHIC NAME
Geographic name Tucson (Ariz.)
General subdivision Social life and customs
Form subdivision Pictorial works.
651 #0 - SUBJECT ADDED ENTRY--GEOGRAPHIC NAME
Geographic name Tucson (Ariz.)
General subdivision Buildings, structures, etc.
Form subdivision Pictorial works.
Holdings
Withdrawn status Lost status Damaged status Not for loan Home library Current library Shelving location Date acquired Total checkouts Full call number Barcode Date last seen Price effective from Koha item type
        Pleasant Valley Pleasant Valley General stacks 22/03/2026   979.1/776040222 22 BC0010827 22/03/2026 22/03/2026 Books